000 00495nam a2200181Ia 4500
005 20250326142745.0
008 250326s9999 xx 000 0 und d
037 _aTextbook
040 _aFMSL
_beng
_cFMSL
041 _aeng
_2eng
084 _aX:74.1 M3
_qFMSL
100 _aRobinson R D
245 0 _aPerformance requirements for foriegn business
_cRobinson R D
260 _aUSA
_bUSA, Prages
_c1983
300 _a219p
942 _cTB
_hX:74.1 M3
999 _c1296518
_d1296518